तन्त्र - विमर्श : (Record no. 205683)
[ view plain ]
| 000 -LEADER | |
|---|---|
| fixed length control field | 01054nam a22001937a 4500 |
| 005 - DATE AND TIME OF LATEST TRANSACTION | |
| control field | 20241216105034.0 |
| 010 ## - LCCN (DPL NO) | |
| LC control number | HIN-128377 |
| 020 ## - INTERNATIONAL STANDARD BOOK NUMBER | |
| Terms of availability | 200.00 |
| International Standard Book Number | 9788193486313 |
| 035 ## - SYSTEM CONTROL NUMBER | |
| System control number | HN-100723 |
| 037 ## - SOURCE OF ACQUISITION | |
| Source of stock number/acquisition | DBAD/PUB |
| 082 ## - DEWEY DECIMAL CLASSIFICATION NUMBER | |
| Classification number | 230.23 |
| 245 ## - TITLE STATEMENT | |
| Title | तन्त्र - विमर्श : |
| Remainder of title | आचार्य रामचंद्र द्विवेदी स्मृति ग्रंथमाला ; पुष्प;22 / |
| Statement of responsibility, etc | सूर्यप्रकाश व्यास द्वारा संपादित |
| 250 ## - EDITION STATEMENT | |
| Edition statement | 1 |
| 260 ## - PUBLICATION, DISTRIBUTION, ETC. (IMPRINT) | |
| Place of publication, distribution, etc | मध्य प्रदेश |
| Name of publisher, distributor, etc | ऋषि - मुनि प्रकाशन |
| Date of publication, distribution, etc | 2018 |
| 270 ## - ADDRESS | |
| Address | 90 , विद्यानगर , सांवेर रोड , उज्जैन |
| City | मध्य प्रदेश |
| Postal code | 456010 |
| Electronic mail address | smt4news@gmail.com |
| 300 ## - PHYSICAL DESCRIPTION | |
| Extent | 154 पृष्ट .; |
| Dimensions | 22 सेमी (सजिल्द) |
| 700 ## - ADDED ENTRY--PERSONAL NAME | |
| Personal name | व्यास ,सूर्यप्रकाश |
| Relator term | संपादक |
| 9 (RLIN) | 71258 |
| 942 ## - ADDED ENTRY ELEMENTS (KOHA) | |
| Source of classification or shelving scheme | Dewey Decimal Classification |
| Item type | Hindi Books |
| Classification part | 230.23 |
| Call number suffix | तन्त्र |
| Withdrawn status | Lost status | Not for loan | Collection code | Home library | Current library | Date acquired | Source of acquisition | Cost, normal purchase price | Full call number | Barcode | Copy number | Cost, replacement price | Koha item type |
|---|---|---|---|---|---|---|---|---|---|---|---|---|---|
| Non-fiction | Bawana | Bawana | 06/09/2024 | DBAD | 200.00 | 230.23 तन्त्र | HN-100723 | 1 | 200.00 | Hindi Books |
